| 000 | 00903nam a22002297a 4500 | ||
|---|---|---|---|
| 999 |
_c20529 _d20529 |
||
| 003 | AR-CdUCM | ||
| 008 | 190531b ||||| |||| 00| 0 spa d | ||
| 040 |
_aMUNICIPALIDAD PROVINCIAL DEL CUSCO _cBIBLIOTECA MUNICIPAL DEL CUSCO |
||
| 041 | _hge | ||
| 082 |
_a925.44 / _bZ97 |
||
| 100 |
_aZweig-Winternitz, F. M. _942922 |
||
| 245 | _aLuis Pasteur su vida y su obra / | ||
| 260 |
_aBuenos Aires : _bClaridad, _c1942. |
||
| 300 |
_a190 páginas ; _c20 cm. |
||
| 440 |
_aBiblioteca de obras famosas _n76 _942923 |
||
| 505 | _aContenido: Infancia --- Pasteur estudiante -- El gran salvador de un pequeño gusano -- Salvador de la cerveza, de la raza bovina -- fidelidad al trabajo -- La hazaña: La victoria sobre la hidrofobia... | ||
| 650 |
_aFrancia _91444 |
||
| 650 |
_aQuímico francés _942924 |
||
| 700 |
_aCahn, Alfredo (traducción) _927605 |
||
| 942 |
_2ddc _cLIBROS |
||
| 945 |
_adavv _d2019-05-31 |
||